Sổ biên chép gia phả tộc họ và lễ nghi hiếu hỷ truyền thống
Đã lưu trong:
| Formáid: | Leabhar |
|---|---|
| Teanga: | Undetermined |
| Foilsithe: |
Tp. Hồ Chí Minh
Nhà xuất bản Tp. Hồ Chí Minh
2001
|
| Ábhair: | |
| Clibeanna: |
Cuir Clib Leis
Gan Chlibeanna, Bí ar an gcéad duine leis an taifead seo a chlibeáil!
|
| Thư viện lưu trữ: | Trung tâm Học liệu Trường Đại học Cần Thơ |
|---|
| LEADER | 00506nam a2200157Ia 4500 | ||
|---|---|---|---|
| 001 | CTU_87314 | ||
| 008 | 210402s9999 xx 000 0 und d | ||
| 082 | |a 929.1 | ||
| 082 | |b S450 | ||
| 245 | 0 | |a Sổ biên chép gia phả tộc họ và lễ nghi hiếu hỷ truyền thống | |
| 260 | |a Tp. Hồ Chí Minh | ||
| 260 | |b Nhà xuất bản Tp. Hồ Chí Minh | ||
| 260 | |c 2001 | ||
| 650 | |a Genealogy | ||
| 904 | |i Trúc | ||
| 980 | |a Trung tâm Học liệu Trường Đại học Cần Thơ | ||